000 00689nam a2200253 i 4500
001 10371
003 ES-MaACL
005 20250911062632.0
007 t|
008 950526s1995 sp ||||1| spa d
020 _a84-233-2469-9
080 _a86-311.2"19"
080 _a86(Carrión,I.7 C.01)
100 1 _aCarrión, Ignacio.
_935798
245 1 0 _aCruzar el Danubio /
_cIgnacio Carrión.
250 _a[1a ed.].
260 _aBarcelona :
_bDestino,
_c1995.
300 _a286 p. ;
_c20 cm.
490 1 _aAncora y delfín ;
_v733
500 _aPremio Nadal 1995.
830 0 0 _aÁncora y Delfín
_v733
_9151298
852 _aES-MaACL
_jL-17921
_bR.123924
999 _c10371
_d10371